[Event "HUN-chT2 Barcza 1819"]
[Site "Hungary"]
[Date "2019.04.28"]
[Round "11.2"]
[White "Tiba, Vladyslav"]
[Black "Dovzsik, Gyorgy"]
[Result "1-0"]
[WhiteElo "2337"]
[BlackElo "2279"]
[PlyCount "51"]
[EventDate "2018.09.23"]
[EventType "team-tourn"]
[EventRounds "11"]
[EventCountry "HUN"]
[SourceTitle "EXT 2021"]
[Source "ChessBase"]
[SourceDate "2020.10.23"]
[SourceVersion "1"]
[SourceVersionDate "2020.10.23"]
[SourceQuality "1"]
[WhiteTeam "Nyiregyhaza SISE"]
[BlackTeam "Kazincbarcika"]
[WhiteTeamCountry "HUN"]
[BlackTeamCountry "HUN"]

1. e4 c5 2. Nf3 e6 3. d4 cxd4 4. Nxd4 a6 5. Nc3 Qc7 6. Be2 b5 7. 0-0 Bb7 8. Re1 Nc6 9. Nxc6 dxc6 10. e5 Rd8 11. Bd3 c5 12. Qh5 g6 13. Qe2 Bg7 14. a4 c4 15. Be4 Bxe4 16. Nxe4 Bxe5 17. axb5 axb5 18. Be3 Qc6 19. Qf3 Rc8 20. Ra7 Rc7 21. Ra8+ Qxa8 22. Nd6+ Kd7 23. Qxa8 Ne7 24. Qf3 Kxd6 25. Bf4 Nc6 26. Bxe5+ 1-0

[Event "HUN-chT2 Barcza 1819"]
[Site "Hungary"]
[Date "2019.02.10"]
[Round "7.2"]
[White "Kelemen, Imre"]
[Black "Dovzsik, Gyorgy"]
[Result "1/2-1/2"]
[WhiteElo "2056"]
[BlackElo "2279"]
[PlyCount "107"]
[EventDate "2018.09.23"]
[EventType "team-tourn"]
[EventRounds "11"]
[EventCountry "HUN"]
[SourceTitle "CBM 189 Extra"]
[Source "ChessBase"]
[SourceDate "2019.06.03"]
[SourceVersion "1"]
[SourceVersionDate "2019.06.03"]
[SourceQuality "1"]
[WhiteTeam "Debrecen Sakkbaratok"]
[BlackTeam "Kazincbarcika"]
[WhiteTeamCountry "HUN"]
[BlackTeamCountry "HUN"]

1. e4 c5 2. Nf3 e6 3. d4 cxd4 4. Nxd4 Nc6 5. Nb5 d6 6. c4 Nf6 7. N1c3 a6 8. Na3 Be7 9. Be2 0-0 10. 0-0 b6 11. f3 d5 12. cxd5 exd5 13. exd5 Nb4 14. Bg5 Bb7 15. Nc2 Nbxd5 16. Nxd5 Nxd5 17. Bxe7 Qxe7 18. Bc4 Nf4 19. Kh1 Rad8 20. Qc1 Qf6 21. Ne3 b5 22. Bb3 Rc8 23. Ng4 Qg5 24. Qe1 Nxg2 25. Qg3 Nh4 26. Rae1 Ng6 27. Ne5 Qxg3 28. hxg3 Nxe5 29. Rxe5 Rfe8 30. Rf5 Rc7 31. Rd1 g6 32. Rf4 Kg7 33. Rd2 Re3 34. Kg2 Rce7 35. Kf2 h5 36. Bxf7 g5 37. Rf5 Rxf3+ 38. Rxf3 Bxf3 39. Bd5 Bg4 40. Bb3 Rd7 41. Rc2 Bd1 42. Rc3 Bxb3 43. Rxb3 Rd2+ 44. Ke3 Rc2 45. Kf3 Kf6 46. a4 bxa4 47. Rb6+ Kf5 48. Rxa6 g4+ 49. Ke3 h4 50. Ra5+ Kf6 51. Rxa4 h3 52. Rxg4 h2 53. Rh4 Kg5 54. Rh8 1/2-1/2